00283nam a2200121Ia 4500008004100000041000900041082001700050100001500067245002400082260003800106300000900144650000800153230718s9999 xx 000 0 und d aEng. a343.5bMAH-W aMahmood. M 0awest Pakistand land aPakistanbI aw Times fabookc2006 a1086 aLaw